Wird geladen...

Polycyclic aromatic hydrocarbons and toxic trace metals in seawater and sediments from the west coast of India and their bioaccumulation in some selected species of fishes (Thesis)

Bibliographische Detailangaben
1. Verfasser: Latha Unnikrishnan
Weitere Verfasser: Devadasan, K., guided by
Format: Ph.D Thesis
Sprache:English
Veröffentlicht: Kochi CUSAT 2006
Schlagworte:
LEADER 00860nam a22001697a 4500
005 20151026133108.0
008 111130t xxu||||| |||| 00| 0 eng d
080 |a 597.21.5:661.715.7(26)  |b LAT T 
100 |a Latha Unnikrishnan  |9 1728 
245 |a Polycyclic aromatic hydrocarbons and toxic trace metals in seawater and sediments from the west coast of India and their bioaccumulation in some selected species of fishes (Thesis)  |c Latha Unnikrishnan; guided by K. Devadasan 
300 |a 154p. 
653 |a Ecosystem - Arabian sea  |a Toxic materials - marine fishes  |a Aromatic hydrocarbon - fishes 
700 |a Devadasan, K., guided by  |9 18307 
942 |c BK  |6 _ 
260 |a Kochi  |b CUSAT  |c 2006  |9 17879 
999 |c 63044  |d 63044 
952 |0 0  |1 0  |2 udc  |4 0  |6 597215661715726_LATT  |7 1  |9 75543  |a UL  |b UL  |c REF  |d 2011-11-30  |o 597.21.5:661.715.7(26) LAT T  |p T0000182  |r 2011-11-30  |w 2011-11-30  |y TH